Advice Dog and Friends Memes Quiz Stats

 Plays Quiz not verified by Sporcle

Challenge
Share
Tweet
Score 0/12 Timer 05:00
0 Plays Today
Number Name % Correct
1Forever Alone Guy
84.4%
3Socially Awkward Penguin
69.5%
12Scumbag Steve
53.9%
9Insanity Wolf
49.6%
10Foul Bachelor Frog
47.5%
8Courage Wolf
46.8%
2Advice Dog
44.7%
11Lame Pun Coon
36.2%
7Socially Awesome Penguin
32.6%
5Karate Kyle
29.1%
4Joseph Ducreux
24.8%
6PTSD Clarinet Boy
16.3%

You're not logged in!

Compare scores with friends on all Sporcle quizzes.
Join for Free
OR
Log In

You Might Also Like...

Show Comments

Extras

Created Mar 24, 2011ReportNominate
Tags:Numbers Quiz, advice, dog, meme

Top Quizzes Today


Score Distribution

Your Account Isn't Verified!

In order to create a playlist on Sporcle, you need to verify the email address you used during registration. Go to your Sporcle Settings to finish the process.

Report this User

Report this user for behavior that violates our Community Guidelines.

Details: